| 000 | 00785nam a2200205Ia 4500 | ||
|---|---|---|---|
| 999 |
_c40822 _d40822 |
||
| 001 | 7462 | ||
| 003 | GE_BSU | ||
| 005 | 20231211160924.0 | ||
| 008 | 181216s1950||||ge |||||||||||||| ||geo|| | ||
| 040 | _cGE_BSU | ||
| 041 | _ageo | ||
| 080 | _a821.353.1-31 დ- 26 | ||
| 100 |
_aდგებუაძე-ფულარია, ფუცუ _920637 |
||
| 245 |
_aმოთხრობები / _cფუცუ დგებუაძე-ფულარია ; რედ. კ. გოგიავა. |
||
| 264 |
_aსოხუმი : _bაფხაზეთის სახელგამი, _c1950. |
||
| 300 |
_a217 გვ. ; _c21 სმ. |
||
| 653 | _aმოთხრობები | ||
| 700 |
_aგოგიავა, კ. _eრედაქტორი _920662 |
||
| 942 |
_cBK _2udc |
||